| 000 | 00818nam0a22002651 4500 | ||
|---|---|---|---|
| 001 | rc\3042854 | ||
| 005 | 20250806202033.0 | ||
| 035 | _a(NLR Aleph) 007182816 | ||
| 090 |
_a42060 _c42060 |
||
| 100 | _a20111006d1941 u y0rusy50 ca | ||
| 101 | 0 | _arus | |
| 102 | _aRU | ||
| 105 | _aa z ||||| | ||
| 200 | 1 |
_aПреобразователь ПО-550 _fСост. В.И. Волков |
|
| 210 |
_aМосква _cОборонгиз _d1941 |
||
| 215 |
_a9, [3] с., 1 л. черт. _cил., черт. _d19 см |
||
| 300 | _aНа обл. сост. не указан | ||
| 700 | 1 |
_aВолков _bВ.И. |
|
| 801 | 0 |
_aRU _bNLR _gpsbo |
|
| 801 | 1 |
_aRU _bELAR _2rusmarc |
|
| 852 |
_aNLR _jТ20 Г-4/104 |
||
| 942 | _cBOOK | ||
| 945 | _aРоссийская национальная библиотека | ||
| 980 | _aNB | ||
| 980 | _aBV | ||